| 000 | 01021nam a22003371 4500 | ||
|---|---|---|---|
| 001 | 001008754 | ||
| 003 | DO-SdBNP | ||
| 005 | 20171113124945.0 | ||
| 007 | 001008754 | ||
| 008 | 920725s2010 mx spa | ||
| 016 | 7 |
_a _z _2BPMSU |
|
| 020 | _a8420532126 | ||
| 035 | _a | ||
| 040 |
_aBPMSU _bspa _cBPMSU |
||
| 080 | 0 | _a | |
| 082 | 4 |
_a658.81 _b C172d |
|
| 100 | 1 | _a Cámara, Dionisio | |
| 240 | _a | ||
| 245 | 1 | 0 |
_a Dirección de ventas : _b vender y fidelizar en el nuevo milenio / _h Dionisio Cámara Ibáñez, María Sanz Gómez. |
| 260 | 0 |
_aMéxico, D.F. : _b Pearson Printice Hall, _c2001 |
|
| 300 |
_axiv, 283 p. : _b il. ; _c25 cm. |
||
| 650 | 4 |
_a ADMINISTRACIÓN DE VENTAS _2 |
|
| 650 | 4 | _aPROMOCIÓN DE VENTAS | |
| 650 | 4 | _aVENDEDORES Y ARTE DE VENDER | |
| 650 | 4 | _aTÉCNICAS DE VENTAS | |
| 700 | 1 | 2 | _aSanz Gómez, María |
| 910 | _aValidado. Control de calidad MFF | ||
| 942 |
_2ddc _cBK |
||
| 945 | _aInventariado, 2017/MFF | ||
| 956 |
_aVMATEO _210 _320160601 _6BPMSU _80069 |
||
| 999 |
_c10279 _d10279 |
||